Culture Générale - Clic Quiz - La réponse est en image - Statistiques

Statistiques générales
  • Ce quiz a été pris 1 065 fois
    180 depuis la dernière actualisation
  • Le résultat moyen est 25 sur 40
Statistiques - réponses
Hint Réponse % Correct
Les Chicago Bulls
86%
Le Marsupilami
86%
Le 11 Septembre 2001
85%
La Joconde
84%
Le Penseur de rodin
82%
L'Ancêtre de France Travail et Pôle Emploi
82%
Le Mont Ventoux
82%
L'Opéra de Sydney
82%
La Poupée Annabelle
81%
La Baie des anges
75%
La Poupée Chucky
75%
La Petite maison dans la prairie
75%
Le 12 juillet 1998
73%
Le Diable de Tasmanie
73%
Le Ouest France
72%
Les Inconnus
71%
Les Yankees de New York
71%
Le Cèpe des Pins
69%
La tour Montparnasse Infernale
69%
Le 15 avril 2019
67%
Le Prince d'Egypte
66%
La Revanche d'une blonde
66%
Les Musclés
66%
Le Gorafi
66%
Le Bigdil
65%
Le Champignon de paris
63%
La Star Academy
63%
Le Téléthon
60%
La Truffe du Périgord
60%
Le 9 novembre 1989
59%
Les 2be3
59%
Le Film Piège de cristal
51%
Le Comte de bouderbala
44%
Les Nuls
43%
Les Charlots
41%
Le Projet Blair Witch
37%
L'Angélus
32%
Le Pic de dante
18%
La Maison de cire
18%
La Condition humaine
12%
Aucun quiz correspondant
Distribution des résultats
% des personnes avec chaque résultat
Percentile par nombre de réponses
Votre historique - résultats
Vous n’avez pas pris ce quiz depuis la dernière actualisation